The Kellogg Brothers : (Record no. 166174)

MARC details
000 -LEADER
fixed length control field 00471ngm a2200169 i 4500
001 - CONTROL NUMBER
control field C2-0303318
003 - CONTROL NUMBER IDENTIFIER
control field PPAK
005 - DATE AND TIME OF LATEST TRANSACTION
control field 20180727220356.0
008 - FIXED-LENGTH DATA ELEMENTS--GENERAL INFORMATION
fixed length control field 100322s2005 xxu|||| ||||| | vleng d
040 ## - CATALOGING SOURCE
Original cataloging agency PPAK
Language of cataloging eng
Transcribing agency PPAK
Description conventions rda
245 04 - TITLE STATEMENT
Title The Kellogg Brothers :
Remainder of title Corn Flake Kings
264 #1 - PRODUCTION, PUBLICATION, DISTRIBUTION, MANUFACTURE, AND COPYRIGHT NOTICE
Place of production, publication, distribution, manufacture United States :
Name of producer, publisher, distributor, manufacturer A&E Television Networks ,
Date of production, publication, distribution, manufacture, or copyright notice 2005
336 ## - CONTENT TYPE
Source rdacontent
Content type term text
337 ## - MEDIA TYPE
Source rdamedia
Media type term unmediated
338 ## - CARRIER TYPE
Source rdacarrier
Carrier type term volume
942 ## - ADDED ENTRY ELEMENTS (KOHA)
Source of classification or shelving scheme Dewey Decimal Classification
Koha item type Digital Video Disc
Holdings
Withdrawn status Lost status Source of classification or shelving scheme Damaged status Not for loan Home library Current library Shelving location Date acquired Source of acquisition Cost, normal purchase price Full call number Barcode Date last seen Price effective from Koha item type Total Checkouts
    Dewey Decimal Classification   Not For Loan Perpustakaan Alor Setar Perpustakaan Alor Setar Rujukan American Corner 22/03/2010 LRC 0.00 RLCK 338.7664 KEL A00862457 05/07/2018 05/07/2018 Digital Video Disc  
    Dewey Decimal Classification   Not For Loan Perpustakaan Alor Setar Perpustakaan Alor Setar Rujukan American Corner 30/11/2010   0.00 RLCK 338.7664 KEL A00816090 05/07/2018 05/07/2018 Digital Video Disc